[Event "Rilton Cup"]
[Site "Stockholm"]
[Date "1992.??.??"]
[Round "2"]
[White "Johansson, Jan"]
[Black "Petursson, Margeir"]
[Result "0-1"]
[WhiteElo "2390"]
[BlackElo "2565"]

1.d4 Nf6 2.c4 e6 3.Nf3 Bb4+ 4.Bd2 c5 5.Bxb4 cxb4 6.a3 bxa3 7.Rxa3 O-O 8.Nc3 d6
9.e3 b6 10.Be2 Bb7 11.O-O a5 12.Qb1 Na6 13.e4 Nd7 14.Nb5 Qe7 15.Re3 Rad8
16.Re1 e5 17.Nc3 Nb4 18.Nd5 Bxd5 19.exd5 Rfe8 20.Bd1 b5 21.b3 Ra8 22.dxe5 dxe5
23.Nd4 bxc4 24.bxc4 Reb8 25.Qf5 a4 26.Qh3 g6 27.Ra3 Nc5 28.Qg3 Qf6 29.Nb5 Nxd5
30.Bf3 e4 31.Bxe4 Nxe4 32.Rxe4 Re8 33.Rxe8+ Rxe8 34.h3 Nb6 35.c5 Qb2 36.Nd6 Re1+
37.Kh2 Qc1 38.Qf3 Rh1+ 39.Kg3 Qg5+ 40.Qg4 Qxc5 41.Rd3 Qe5+ 42.Kh4 h5 43.Qg5 Qxg5+
44.Kxg5 Re1 45.f4 Kg7 46.f5 Re5 47.g4 hxg4 48.hxg4 f6+ 49.Kf4 g5+ 50.Kf3 Ra5
51.Ra3 Kf8 52.Re3 Ra8 53.Nb5 Nc4 54.Re6 Kf7 55.Re2 a3 56.Nc3 Rd8 57.Nb5 Rb8
58.Nd4 Ne5+ 59.Ke4 Rb2 60.Re3 Nc4 61.Rh3 Kg8 62.Rh1 a2 63.Ra1 Ne5 64.Kd5 Kf7
65.Ne6 Nxg4 66.Kd6 Ne3 67.Nd8+ Kg8  0-1

[Event "Rilton Cup"]
[Site "Stockholm"]
[Date "1992.??.??"]
[Round "2"]
[White "Sjoberg, Mats"]
[Black "Sandstrom, Ludvig"]
[Result "0-1"]
[WhiteElo "2470"]
[BlackElo "2295"]

1.d4 Nf6 2.c4 e6 3.Nf3 Bb4+ 4.Bd2 Qe7 5.g3 Nc6 6.Bg2 Bxd2+ 7.Nbxd2 d6 8.O-O O-O
9.e4 e5 10.d5 Nb8 11.Ne1 a5 12.Nb1 Na6 13.Nc3 c6 14.f4 cxd5 15.fxe5 Qxe5
16.Nf3 Qe7 17.Nxd5 Nxd5 18.Qxd5 Nb4 19.Qd2 Qxe4 20.Ng5 Qxc4 21.a3 Nd3 22.Kh1 h6
23.Ne4 Ra6 24.Rad1 d5 25.Nc3 d4 26.Nd5 Nc5 27.Ne7+ Kh8 28.Ng6+ Rxg6  0-1

[Event "Suhr op"]
[Site "Suhr"]
[Date "1992.??.??"]
[Round "4"]
[White "Cvitan, Ognjen"]
[Black "Walti, Rolf"]
[Result "1-0"]
[WhiteElo "2505"]
[BlackElo "2210"]

1.d4 Nf6 2.c4 e6 3.Nf3 Bb4+ 4.Bd2 Qe7 5.g3 Nc6 6.Nc3 Bxc3 7.Bxc3 Ne4 8.Qc2 Nxc3
9.Qxc3 Qb4 10.Rc1 a5 11.Bg2 d6 12.O-O Qxc3 13.Rxc3 Bd7 14.Rd1 Nb4 15.a3 Na6
16.Ne1 Rb8 17.Nd3 a4 18.c5 Bb5 19.cxd6 cxd6 20.Bxb7 O-O 21.Bf3 Bxd3 22.Rdxd3 Rb6
23.Rc4 Rxb2 24.Rc6 Nb8 25.Rxd6 Rc8 26.Rc3 Re8 27.e4 g6 28.e5 Kg7 29.Kg2 Rb3
30.Rxb3 axb3 31.Rb6 Rd8 32.Rxb3 Na6 33.Rb6 Nc7 34.Rd6 Rb8 35.Rd7 Nb5 36.a4 Na3
37.a5 Nc2 38.Be4 Nb4  1-0

[Event "Ticino op"]
[Site "Ticino"]
[Date "1992.??.??"]
[Round "7"]
[White "Gheorghiu, Florin"]
[Black "Adler, Joel"]
[Result "1-0"]
[WhiteElo "2500"]
[BlackElo "2255"]

1.d4 Nf6 2.c4 e6 3.Nf3 Bb4+ 4.Bd2 c5 5.g3 Qb6 6.Qb3 Nc6 7.dxc5 Bxd2+ 8.Nbxd2 Qxc5
9.Bg2 O-O 10.O-O d5 11.cxd5 exd5 12.e3 Qe7 13.Qa4 Bf5 14.Nd4 Nxd4 15.Qxd4 Rfd8
16.Rac1 h6 17.Nb3 Ne4 18.Rfd1 h5 19.f3 Nf6 20.Qf4 Be6 21.Nd4 Bd7 22.a3 Rac8
23.Kf2 Rc5 24.Rxc5 Qxc5 25.Ne2 Qc2 26.Qd4 Bb5 27.Rd2 Qf5 28.Nc3 a6 29.e4 Qg5
30.h4 Qh6 31.e5 Ne8 32.Nxd5 Kh8 33.Qe3 Qe6 34.f4 g6 35.Nc3 Rxd2+ 36.Qxd2 Ng7
37.Qd8+ Kh7 38.Ne4  1-0

[Event "Tomo Zupan op"]
[Site "Tomo Zupan"]
[Date "1992.??.??"]
[Round "?"]
[White "Osterman, Rudolf"]
[Black "Butala, Marjan"]
[Result "1-0"]
[WhiteElo "2370"]
[BlackElo "2150"]

1.d4 Nf6 2.c4 e6 3.Nf3 Bb4+ 4.Bd2 Qe7 5.a3 Bxd2+ 6.Qxd2 b6 7.Nc3 Bb7 8.d5 d6
9.g3 a5 10.Bg2 e5 11.O-O Na6 12.e4 O-O 13.Qc2 Bc8 14.Rab1 Nc5 15.b4 Ncd7
16.Ne1 axb4 17.axb4 Ng4 18.Nb5 Bb7 19.Nxc7 Rac8 20.Nb5 Ba6 21.Qe2 Bxb5 22.cxb5 f5
23.exf5 Ngf6 24.Nd3 Qf7 25.Rfd1 Rfe8 26.Nb2 Nf8 27.Nc4 Red8 28.Nxb6 Rb8 29.Nc4 Qd7
30.Na5 Qxb5 31.Qxb5 Rxb5 32.Nc6 Ra8 33.Ra1 Rxa1 34.Rxa1 N6d7 35.Bf1 Rb6 36.b5 Nc5
37.Ra8 Kf7 38.Ra7+ Nfd7 39.f3 Kf6 40.Kf2 Rb7 41.Ra8 Kxf5 42.Ne7+ Kf6 43.Nc8 Nb6
44.Nxb6 Rxb6 45.Rc8 Rb7 46.Ra8 e4 47.f4 g5 48.Ke3 gxf4+ 49.gxf4 Kf5 50.Rd8 Rb6
51.Rf8+ Kg6 52.Rc8  1-0

[Event "Zalakaros op"]
[Site "Zalakaros"]
[Date "1992.??.??"]
[Round "4"]
[White "Krutti, Valer"]
[Black "Lendvai, Noemi"]
[Result "1-0"]
[WhiteElo "2235"]
[BlackElo "2175"]

1.d4 Nf6 2.c4 e6 3.Nf3 Bb4+ 4.Bd2 a5 5.g3 O-O 6.Bg2 Qe7 7.O-O Bxd2 8.Nbxd2 d6
9.e4 e5 10.d5 Na6 11.Qc2 Nh5 12.Rae1 Nc5 13.Nh4 g6 14.b3 Bd7 15.a3 Ra7 16.Ra1 Rfa8
17.Qc3 Bc8 18.Qe3 Qf6 19.Nhf3 b6 20.Rac1 Bd7 21.b4 Nb7 22.Nb3 axb4 23.axb4 Ra3
24.Nbd2 g5 25.Qe2 Ng7 26.c5 bxc5 27.bxc5 Ba4 28.Qc4 Ne8 29.Qb4 Bb3 30.Qxb7 Ba2
31.cxd6 cxd6 32.Rc8 Rxc8 33.Qxc8 Qe7 34.Ra1 Kf8 35.Qf5 h6 36.Qh7 Qf6 37.Bf1 Ra8
38.Bc4  1-0

[Event "Zalakaros op"]
[Site "Zalakaros"]
[Date "1992.??.??"]
[Round "6"]
[White "Krutti, Valer"]
[Black "David, Adrian"]
[Result "1/2-1/2"]
[WhiteElo "2235"]
[BlackElo "2300"]

1.d4 Nf6 2.c4 e6 3.Nf3 Bb4+ 4.Bd2 c5 5.g3 Qb6 6.Qb3 Nc6 7.dxc5 Bxc5 8.Qxb6 axb6
9.Nc3 Nb4 10.Rc1 Ng4 11.e3 Nc6 12.a3 O-O 13.Be2 Rd8 14.Nb5 d5 15.cxd5 exd5
16.b4 Be7 17.Bc3 Bf6 18.O-O Nge5 19.Nxe5 Bxe5 20.Rfd1 Bxc3 21.Rxc3 Be6  1/2-1/2

[Event "Zalakaros op rap"]
[Site "Zalakaros"]
[Date "1992.??.??"]
[Round "7"]
[White "Sjoberg, Mats"]
[Black "Grabics, Monika"]
[Result "0-1"]
[WhiteElo "2470"]
[BlackElo "2145"]

1.d4 Nf6 2.c4 e6 3.Nf3 Bb4+ 4.Bd2 Qe7 5.g3 Nc6 6.Bg2 Bxd2+ 7.Nbxd2 d6 8.O-O O-O
9.e4 e5 10.d5 Nb8 11.h3 a5 12.Ne1 Na6 13.Nd3 b6 14.b3 Nc5 15.Qc2 Nfd7 16.a3 f5
17.Nxc5 Nxc5 18.b4 Nxe4 19.Nxe4 fxe4 20.Bxe4 g6 21.h4 Bh3 22.Rfe1 Bf5 23.Rac1 Bxe4
24.Rxe4 axb4 25.axb4 Ra3 26.Qe2 Raf3 27.Re3 Rxf2 28.Qxf2 Rxf2 29.Kxf2 g5
30.Re4 Qf6+ 31.Ke3 gxh4 32.Rg4+ Kh8 33.gxh4 Qh6+ 34.Rg5 Qxh4 35.Rcg1 Qf4+  0-1

[Event "Zalakaros op"]
[Site "Zalakaros"]
[Date "1992.??.??"]
[Round "8"]
[White "Csiszar, Csaba"]
[Black "David, Adrian"]
[Result "0-1"]
[WhiteElo "2240"]
[BlackElo "2300"]

1.d4 Nf6 2.c4 e6 3.Nf3 Bb4+ 4.Bd2 c5 5.Bxb4 cxb4 6.Nbd2 O-O 7.e3 d6 8.a3 bxa3
9.Rxa3 b6 10.Bd3 Bb7 11.O-O Nc6 12.Bb1 e5 13.d5 Nb4 14.Ne1 a5 15.f4 exf4
16.Rxf4 b5 17.b3 g6 18.Nd3 Nfxd5 19.cxd5 Nxd5 20.Nf1 b4 21.Ra1 Nxf4 22.Nxf4 Rc8
23.Bd3 Rc5 24.Bc4 Qf6 25.Qd4 Qe7 26.Nd5 Bxd5 27.Bxd5 Rfc8 28.e4 Qg5 29.Bc4 Qe5
30.Qxe5 dxe5 31.Kf2 Kg7 32.Ne3 Rd8 33.Ra2 Rd4 34.Kf3 Rd7 35.g4 h6 36.h4 Ra7
37.Ra1 Rd7 38.Ra2 Ra7 39.g5 hxg5 40.hxg5 Rd7 41.Nd5 Rd8 42.Ne3 Rh8 43.Kg4 Rh1
44.Rf2 Rg1+ 45.Kh3 Rc7 46.Kh4 Re1 47.Be2 a4 48.Nc4 axb3 49.Nd6 Rd7 50.Bc4 b2
51.Ne8+ Kf8 52.Rf6 Rxe4+  0-1

[Event "Zuerich op"]
[Site "Zuerich"]
[Date "1992.??.??"]
[Round "?"]
[White "Chiong, Luiz"]
[Black "Franzoni, Giancarlo"]
[Result "1/2-1/2"]
[WhiteElo "2365"]
[BlackElo "2440"]

1.d4 Nf6 2.c4 e6 3.Nf3 Bb4+ 4.Bd2 Bxd2+ 5.Qxd2 O-O 6.g3 b6 7.Bg2 Bb7 8.Nc3 Ne4
9.Nxe4 Bxe4 10.O-O d6 11.Rfe1 Nd7 12.Rad1 Qe7 13.Bh3 Nf6 14.Qc3 Bb7 15.Nd2 c5
16.e4 cxd4 17.Qxd4 Rfd8 18.Nb1 Rac8 19.Nc3 Ba6 20.b3 Qc7 21.f3 h6 22.Rd2 Rd7
23.Red1 Rcd8 24.Qe3 Kf8 25.Kf2 Qc5 26.a4 Qxe3+ 27.Kxe3 Ke7 28.Bf1 Bb7 29.Bh3 Ne8
30.f4 Nc7 31.f5 Ne8 32.fxe6 fxe6 33.Bg4 Nf6 34.Bf3 e5 35.a5 bxa5 36.Ra1 Rb8
37.Rxa5 Bc8 38.Bd1 a6 39.g4 Rc7 40.h4 Bxg4 41.Bc2 Bc8 42.Rg2 Kf8 43.Rd2 Ke7
44.Nd5+ Nxd5+ 45.Raxd5 Rb6 46.Rg2 Kf7 47.h5 Be6 48.Rd1 Ke8 49.Rg6 Re7 50.Kd2 Kd8
51.Kc3 Kc8 52.Rdg1 Rbb7 53.Ra1 Rb6 54.Rag1 Rbb7 55.Ra1 Rb6 56.Ra5 Kb7 57.b4 Rc6
58.c5 dxc5 59.bxc5 Bd7 60.Rxc6 Bxc6 61.Bd3 Rf7 62.Bxa6+ Kb8 63.Bd3 Rf4 64.Ra1 Bxe4
65.Bxe4 Rxe4 66.Rg1 Kc7 67.Rxg7+ Kc6 68.Rg6+  1/2-1/2

[Event "Aalborg op"]
[Site "Aalborg"]
[Date "1993.??.??"]
[Round "6"]
[White "Danielsen, Henrik"]
[Black "Nielsen, Peter Heine"]
[Result "1/2-1/2"]
[WhiteElo "2445"]
[BlackElo "2440"]

1.d4 Nf6 2.Nf3 e6 3.c4 Bb4+ 4.Bd2 Bxd2+ 5.Qxd2 d5 6.Nc3 O-O 7.e3 Qe7 8.Qc2 Rd8
9.Rc1 Nbd7 10.Be2 dxc4 11.Bxc4 c5 12.O-O cxd4 13.Nxd4 Nb6 14.Be2 Bd7 15.Bf3 e5
16.Nb3 Bg4 17.Bxg4 Nxg4 18.Qf5 Nf6 19.Ne4 Nbd5 20.Rc5 b6 21.Nxf6+ Qxf6 22.Qxf6 gxf6
23.Rc4 a5 24.a3 a4 25.Na1 b5 26.Rc5 b4 27.e4 Nf4 28.axb4 Nd3 29.Rc6 Rab8
30.b3 Nxb4 31.Rxf6 a3 32.f4 exf4 33.R6xf4 Rd7 34.e5 Nd3 35.Ra4 Nxe5 36.Rxa3 Rd2
37.Ra5 Ng6 38.Raf5 Ra8 39.R5f2 Raa2 40.Rxd2 Rxd2 41.h3 Nh4 42.g3 Ng6 43.Rc1 Ne5
44.Kf1 Rb2 45.Rc5 f6 46.Ra5 Kg7 47.Ra8  1/2-1/2

[Event "Mephisto-GM-Turnier"]
[Site "Altensteig"]
[Date "1993.??.??"]
[Round "1"]
[White "Bischoff, Klaus"]
[Black "Jussupow, Artur"]
[Result "1/2-1/2"]
[WhiteElo "2515"]
[BlackElo "2630"]

1.d4 Nf6 2.c4 e6 3.Nf3 Bb4+ 4.Bd2 a5 5.Nc3 b6 6.e3 O-O 7.Bd3 d5 8.O-O Bb7
9.cxd5 exd5 10.Qc2 Re8 11.Rfd1 Ne4 12.Be1 Nd7 13.Nd2 Nef6 14.Nf1 Nf8 15.a3 Be7
16.Rac1 Ne6 17.f3 Rc8 18.Bf2 g6 19.Ng3 Bf8 20.Re1 c5 21.Bb5 Re7 22.Rcd1 Bg7
23.Bf1 cxd4 24.exd4 Ne8 25.Nge2 Nd6 26.Bh4 g5 27.Bf2 h6 28.Qb1 Qd7 29.Ng3 Nf4
30.Rxe7 Qxe7 31.Nf5  1/2-1/2

[Event "Alushta3"]
[Site "Alushta"]
[Date "1993.??.??"]
[Round "?"]
[White "Tregubov, Pavel V"]
[Black "Fish, Gannadij"]
[Result "1-0"]
[WhiteElo "2475"]
[BlackElo "2440"]

1.d4 Nf6 2.Nf3 e6 3.c4 Bb4+ 4.Bd2 Qe7 5.g3 O-O 6.Bg2 Bxd2+ 7.Nfxd2 d6 8.O-O e5
9.e3 c6 10.Nc3 Rd8 11.Qb3 Nbd7 12.Rae1 Nf8 13.f4 exd4 14.exd4 Qc7 15.f5 Qb6
16.Qxb6 axb6 17.a3 Ra5 18.d5 Bd7 19.Nde4 Nxe4 20.Rxe4 h6 21.Re7 Nh7 22.dxc6 bxc6
23.Rd1 Kf8 24.Re3 Be8 25.g4 Nf6 26.h3 Rc5 27.Rd4 b5 28.cxb5 cxb5 29.Kf2 Rc4
30.Red3 Rb8 31.Bf1 d5 32.Rd1 b4 33.Bxc4 bxc3 34.Bxd5 Rxb2+ 35.Ke3 Nxd5+ 36.Rxd5 Rh2
37.Rc5 Rxh3+ 38.Kd4 Rg3 39.Rc8 Rxg4+ 40.Kxc3 Re4 41.a4 Ke7 42.a5 Bb5 43.Rb1 Re5
44.Kd4 Rxf5 45.Rc5 Rxc5 46.Kxc5 Bd3 47.Rb3 Bf1 48.Re3+ Kf8 49.Re1 Bd3 50.Rd1 Be2
51.Rd2 Bf1 52.Rd1 Be2 53.Rd4 g5 54.Rc4 g4 55.a6 g3 56.a7 Bf3 57.Kd4 g2 58.Rc1 Ke7
59.Ke3 Bb7 60.Kf2 Kd7 61.Ra1  1-0

[Event "AUT-chT"]
[Site "?"]
[Date "1993.??.??"]
[Round "?"]
[White "Duer, Arne"]
[Black "Fauland, Alexander"]
[Result "1-0"]
[WhiteElo "2415"]
[BlackElo "2435"]

1.c4 e6 2.Nf3 Nf6 3.d4 Bb4+ 4.Bd2 c5 5.Bxb4 cxb4 6.g3 O-O 7.Bg2 d6 8.O-O Nc6
9.Nbd2 Re8 10.Qb3 a5 11.d5 exd5 12.cxd5 Nb8 13.Nd4 Na6 14.Nc4 Nc5 15.Qc2 Bg4
16.f3 Bc8 17.e4 b6 18.Nb5 Ba6 19.Nbxd6 Rf8 20.Nf5 Rc8 21.b3 b5 22.Ncd6 Rc7
23.Qd2 g6 24.Nh6+ Kg7 25.e5 Ne8 26.Nxe8+ Rxe8 27.Ng4 Nd7 28.Rfe1 f5 29.exf6+ Nxf6
30.Qh6+ Kf7 31.Nxf6 Rxe1+ 32.Rxe1 Qxf6 33.Qxh7+ Qg7 34.Qh4 Qc3 35.Qe4 Qc5+
36.Kh1 Bc8 37.f4 Bf5 38.Qe8+ Kg7 39.h3 Qc3 40.g4 Bc8 41.d6 Rf7 42.Qe5+ Kh7
43.Rf1 Bb7 44.Qxc3 bxc3 45.Bxb7 Rxb7 46.Rd1 Rd7 47.Kg2 Kg7 48.Kf3 c2 49.Rc1 Rxd6
50.Rxc2 Rd3+ 51.Ke4 Rxh3 52.Rc7+ Kg8 53.Ke5 Rd3 54.Ra7 a4 55.bxa4 bxa4 56.Rxa4 Rd7
57.Kf6 Kh7 58.Re4 Rd6+ 59.Kg5 Ra6 60.Re7+ Kg8 61.Rb7 Kf8 62.a3 Kg8 63.a4  1-0

[Event "Azov"]
[Site "Azov"]
[Date "1993.??.??"]
[Round "?"]
[White "Verdihanov, Vladislav"]
[Black "Nielsen, Peter Heine"]
[Result "1/2-1/2"]
[WhiteElo "2365"]
[BlackElo "2465"]

1.d4 Nf6 2.Nf3 e6 3.c4 Bb4+ 4.Bd2 Bxd2+ 5.Qxd2 O-O 6.Nc3 d5 7.e3 Qe7 8.Bd3 dxc4
9.Bxc4 c5 10.O-O Rd8 11.Qe2 cxd4 12.exd4 Nc6 13.Rad1 a6 14.Rfe1 b5 15.Bb3 Na5
16.d5 Nxb3 17.axb3 b4 18.dxe6 Bxe6 19.Na4 Qa7 20.Rxd8+ Rxd8 21.Ne5 Rc8 22.Qd3 Qc7
23.h3 a5 24.Qe3 h6 25.Nf3 Bd7 26.Qe5  1/2-1/2

[Event "Azov"]
[Site "Azov"]
[Date "1993.??.??"]
[Round "?"]
[White "Verdihanov, Vladislav"]
[Black "Kholmov, Ratmir D"]
[Result "1/2-1/2"]
[WhiteElo "2365"]
[BlackElo "2455"]

1.d4 Nf6 2.Nf3 e6 3.c4 Bb4+ 4.Bd2 Bxd2+ 5.Qxd2 O-O 6.Nc3 d5 7.e3 Qe7 8.Qc2 Rd8
9.Rc1 Nbd7 10.a3 c6 11.Bd3 dxc4 12.Bxc4 e5 13.O-O exd4 14.exd4 Nb6 15.Rfe1 Qd6
16.Ba2 h6 17.Qg6 Nbd5 18.Bxd5 cxd5 19.Qc2 Be6 20.Nb5 Qd7 21.Qb3 Rdc8 22.Ne5 Qe8
23.Rxc8 Qxc8 24.Nd3 Ne4 25.Rc1 Qd8 26.Nc7 Rb8 27.Nxe6 fxe6 28.Qc2 Qb6 29.Qc7 Rf8
30.Qxb6 axb6 31.f3 Nd6 32.Ne5 Rf4 33.Rd1 Nf5 34.Nd7 b5 35.Nc5 Rxd4 36.Rxd4 Nxd4
37.Nxb7 Kf7 38.Kf2 Ke7 39.Ke3 Nf5+ 40.Ke2 e5 41.Nc5 Kd6 42.Nd3 g5 43.Nf2  1/2-1/2

[Event "Azov"]
[Site "Azov"]
[Date "1993.??.??"]
[Round "?"]
[White "Zakharevich, Igor"]
[Black "Kholmov, Ratmir D"]
[Result "1/2-1/2"]
[WhiteElo "2400"]
[BlackElo "2455"]

1.d4 Nf6 2.c4 e6 3.Nf3 Bb4+ 4.Bd2 Qe7 5.g3 O-O 6.Bg2 Bxd2+ 7.Qxd2 Ne4 8.Qc2 Qb4+
9.Nbd2 Nxd2 10.Nxd2 Nc6 11.e3 Qe7 12.O-O d6 13.Rac1 e5 14.d5 Nb4 15.Qb1 a5
16.a3 Na6 17.b4 Bd7 18.Qb2 c6 19.dxc6 Bxc6 20.Rfd1 Rfd8 21.Bf1 axb4 22.axb4 Nc7
23.b5 Be8 24.Bg2 Rab8 25.Ne4 d5 26.cxd5 Nxb5 27.Bh3 Nd6  1/2-1/2

[Event "Azov"]
[Site "Azov"]
[Date "1993.??.??"]
[Round "?"]
[White "Zakharevich, Igor"]
[Black "Nielsen, Peter Heine"]
[Result "1/2-1/2"]
[WhiteElo "2400"]
[BlackElo "2465"]

1.d4 Nf6 2.c4 e6 3.Nf3 Bb4+ 4.Bd2 Bxd2+ 5.Qxd2 d5 6.g3 O-O 7.Bg2 Nbd7 8.Qc2 b6
9.cxd5 Nxd5 10.Nc3 Bb7 11.Nxd5 Bxd5 12.e4 Bb7 13.O-O Nf6 14.e5 Nd5 15.a3 h6
16.Nd2 Qd7 17.Ne4 Kh8 18.Rac1 Rfd8 19.Rfd1 Qe8 20.Qe2 Rd7 21.Qb5 Rad8 22.Qb3 Ba8
23.Qa4 c5 24.Nc3  1/2-1/2

[Event "Wch Seniors"]
[Site "Bad Wildbad"]
[Date "1993.??.??"]
[Round "2"]
[White "Krogius, Nikolai V"]
[Black "Viner, Phillip"]
[Result "1-0"]
[WhiteElo "2465"]
[BlackElo "2210"]

1.d4 Nf6 2.c4 e6 3.Nf3 Bb4+ 4.Bd2 Bxd2+ 5.Qxd2 d5 6.Nc3 O-O 7.e3 Nbd7 8.cxd5 exd5
9.Bd3 c6 10.O-O Qe7 11.Qc2 Re8 12.Rab1 Ne4 13.b4 Nf8 14.b5 Ng6 15.bxc6 bxc6
16.Rfe1 Bg4 17.Bxe4 dxe4 18.Nd2 f5 19.Ne2 Bxe2 20.Rxe2 Rab8 21.Ree1 Qa3 22.Rb3 Rxb3
23.Nxb3 Kh8 24.Qxc6 Rg8 25.Qc2 Ne7 26.Rc1 Rb8 27.Qc7 Qb4 28.Qxa7 Ng8 29.Qc5 Qa4
30.Qe5 Rf8 31.Qa5 Qe8 32.h3 f4 33.exf4 e3 34.Qe1 exf2+ 35.Qxf2 Qb8 36.Rf1 Ne7
37.Nc5 Qd6 38.Qe3 Nf5 39.Qe5 Qxd4+ 40.Qxd4 Nxd4 41.Rf2 Rc8 42.Rd2 Nf5 43.Ne6  1-0

[Event "Bad Woerishofen op"]
[Site "Bad Woerishofen"]
[Date "1993.??.??"]
[Round "5"]
[White "Magerramov, Elmar"]
[Black "Cladouras, Panagiotis"]
[Result "1-0"]
[WhiteElo "2565"]
[BlackElo "2330"]

1.d4 Nf6 2.c4 e6 3.Nf3 Bb4+ 4.Bd2 Qe7 5.g3 Nc6 6.Nc3 Bxc3 7.Bxc3 Ne4 8.Rc1 Nxc3
9.Rxc3 d6 10.d5 Nb8 11.dxe6 fxe6 12.Bg2 O-O 13.O-O Nd7 14.Nd4 Nf6 15.Nc2 c6
16.e4 e5 17.Ne3 Be6 18.Rd3 Ne8 19.b3 a5 20.Qd2 c5 21.f4 Ra6 22.f5 Bd7 23.Nd5 Qd8
24.a4 Bc6 25.Nc3 Qe7 26.g4 h6 27.Qe1 g5 28.fxg6 Rxf1+ 29.Qxf1 Qg7 30.g5 hxg5
31.Bh3 Qxg6 32.Bf5 Qf6 33.Rf3 Kg7 34.Nd5 Bxd5 35.cxd5 Qe7 36.Be6 Nf6 37.Rf5 Kg6
38.h4 Nh7 39.Rf7  1-0

[Event "Barcelona op9394"]
[Site "Barcelona"]
[Date "1993.??.??"]
[Round "9"]
[White "Pares Vives, Jose"]
[Black "Granados, Raul"]
[Result "1-0"]
[WhiteElo "2350"]
[BlackElo "2220"]

1.d4 Nf6 2.c4 e6 3.Nf3 Bb4+ 4.Bd2 a5 5.g3 Nc6 6.Bg2 d6 7.O-O e5 8.Be3 exd4
9.Nxd4 Ne5 10.a3 Bc5 11.Nc3 O-O 12.b3 Nfg4 13.Bf4 Ng6 14.Bc1 Re8 15.h3 Nf6
16.e4 c6 17.Be3 Ba7 18.Qd2 Bd7 19.Kh2 Re5 20.Nc2 Rh5 21.Bxa7 Bxh3 22.f3 Be6+
23.Kg1 Rxa7 24.Rad1 Qb6+ 25.Qe3 Ra6 26.Rxd6 Qxb3 27.Rd8+ Nf8 28.g4 Bxg4 29.fxg4 Nxg4
30.Qd4 Qb6 31.Rb1 Qc7 32.Rxb7 Qh2+ 33.Kf1 Qf4+ 34.Ke2 h6 35.Rxf8+ Kh7 36.Rfxf7  1-0

[Event "Oberliga Bayern9394"]
[Site "Bayern"]
[Date "1993.??.??"]
[Round "?"]
[White "Farago, Ivan"]
[Black "Mandl, Robert"]
[Result "0-1"]
[WhiteElo "2540"]
[BlackElo "2420"]

1.d4 Nf6 2.c4 e6 3.Nf3 Bb4+ 4.Bd2 c5 5.Bxb4 cxb4 6.g3 O-O 7.Bg2 d6 8.O-O Re8
9.Qb3 a5 10.Rd1 Qc7 11.Nbd2 b6 12.e4 e5 13.Ne1 Bb7 14.Nc2 Na6 15.f3 Rad8
16.Nf1 Nd7 17.Qd3 exd4 18.Qxd4 Ne5 19.Nce3 Qc5 20.Kh1 g6 21.g4 f6 22.Ng3 Qxd4
23.Rxd4 Nc5 24.Rad1 Nf7 25.Ne2 Ne6 26.R4d2 Kg7 27.Kg1 Rc8 28.Nd4 Nxd4 29.Rxd4 Rc5
30.Bf1 h5 31.Rxd6 Nxd6 32.Rxd6 Re7 33.gxh5 Rxh5 34.Rxb6 f5 35.Nd5 Bxd5 36.exd5 Re1
37.d6 f4 38.Rb7+ Kf6 39.Rb8 Rd1 40.Rf8+ Kg7 41.Rxf4 Rxd6 42.Re4 Kf6 43.Re2 Re5
44.Kf2 Rxe2+ 45.Kxe2 Ke5 46.c5 Rc6 47.Ke3 g5 48.h4 gxh4 49.f4+ Kd5 50.Bg2+ Kxc5
51.f5 Rf6 52.Kf4 Kd4 53.Bh3 Rf8 54.Bg4 Kd3 55.Kg5 Kc2  0-1

[Event "JUG-chT2"]
[Site "Becici"]
[Date "1993.??.??"]
[Round "1"]
[White "Blagojevic, Dragisa"]
[Black "Borkovic, Vladimir"]
[Result "1-0"]
[WhiteElo "2510"]
[BlackElo "2275"]

1.d4 Nf6 2.c4 e6 3.Nf3 Bb4+ 4.Bd2 Qe7 5.g3 O-O 6.Bg2 Bxd2+ 7.Qxd2 d6 8.Nc3 e5
9.O-O a5 10.Rac1 Nc6 11.Nd5 Nxd5 12.cxd5 Nb4 13.a3 Nxd5 14.dxe5 Be6 15.exd6 Qxd6
16.Ng5 h6 17.Nxe6 fxe6 18.e4 Nb6 19.Qc3 c6 20.Qb3 Ra6 21.Bh3 Re8 22.Rfd1 Qe7
23.Bf1 a4 24.Qe3 Nd7 25.Bxa6 bxa6 26.Qa7 Ne5 27.Qxe7 Rxe7 28.Rc5 Nf3+ 29.Kg2 Ng5
30.Rxc6 Nxe4 31.Re1 Ng5 32.h4 Nf7 33.Rexe6 Rb7 34.Rb6  1-0

[Event "Beersheba"]
[Site "Beersheba"]
[Date "1993.??.??"]
[Round "5"]
[White "Chernin, Alexander"]
[Black "Kortschnoj, Viktor"]
[Result "1-0"]
[WhiteElo "2615"]
[BlackElo "2625"]

1.d4 Nf6 2.c4 e6 3.Nf3 Bb4+ 4.Bd2 c5 5.Bxb4 cxb4 6.g3 O-O 7.Bg2 d6 8.O-O Re8
9.a3 Qb6 10.axb4 Qxb4 11.Na3 Na6 12.Ne1 Qb6 13.c5 Qd8 14.cxd6 Qxd6 15.Nc4 Qc7
16.Qb3 Nd5 17.Nd3 Qd8 18.Rfc1 Re7 19.Qa3 Nac7 20.Nd6 a6 21.e4 Nb6 22.Ne5 Ne8
23.Nxe8 Rxe8 24.Qb4 a5 25.Qc3 f6 26.Nd3 Kh8 27.h4 Nd7 28.e5 fxe5 29.dxe5 Ra7
30.Nf4 Nf8 31.Qc7 Ra6 32.Qxd8 Rxd8 33.Rxc8 Rxc8 34.Bxb7 Rca8 35.Bxa6 Rxa6
36.Ra4 Rb6 37.Rxa5 Kg8 38.Ra8 Kf7 39.Ra7+  1-0

[Event "Beersheba"]
[Site "Beersheba"]
[Date "1993.??.??"]
[Round "7"]
[White "Chernin, Alexander"]
[Black "Gulko, Boris F"]
[Result "1/2-1/2"]
[WhiteElo "2615"]
[BlackElo "2635"]

1.d4 Nf6 2.c4 e6 3.Nf3 Bb4+ 4.Bd2 Bxd2+ 5.Qxd2 O-O 6.Nc3 d6 7.g3 Nc6 8.Rd1 a6
9.Bg2 Bd7 10.b3 Qb8 11.d5 Ne7  1/2-1/2

[Event "Beijing op"]
[Site "Beijing"]
[Date "1993.??.??"]
[Round "6"]
[White "Wu Shaobin"]
[Black "Wahls, Matthias"]
[Result "1/2-1/2"]
[WhiteElo "2440"]
[BlackElo "2480"]

1.d4 Nf6 2.c4 e6 3.Nf3 Bb4+ 4.Bd2 Qe7 5.g3 Nc6 6.Bg2 Bxd2+ 7.Nbxd2 d6 8.O-O a5
9.e4 e5 10.d5 Nb8 11.Ne1 O-O 12.Nd3 Na6 13.a3 c6 14.Re1 Bd7 15.dxc6 Bxc6
16.b4 b5 17.bxa5 Qc7 18.Nb4 Bd7 19.Nxa6 Rxa6 20.cxb5 Bxb5 21.a4 Bd7 22.Bf1 Rxa5
23.Nc4 Rc5 24.Na3 d5 25.exd5 Nxd5 26.Nb5 Bxb5 27.axb5 g6 28.Qb3 Rb8 29.Ra6 Kg7
30.Rea1 Rb7 31.Qf3 Qe7 32.Re1 Nb4 33.Ra8 Nc2 34.Rb1 e4 35.Qf4 Nd4 36.Rb4 Rd5
37.Kg2 h5 38.b6 Rd6 39.Rba4 Rf6 40.Qe3 Nf5 41.Qxe4 Re6 42.Qc2 Rexb6 43.Qc3+ Qf6
44.Qxf6+ Rxf6 45.Ra2  1/2-1/2

[Event "Lvov-Belgrade"]
[Site "Belgrade"]
[Date "1993.??.??"]
[Round "1"]
[White "Levin, Felix"]
[Black "Drasko, Milan"]
[Result "1-0"]
[WhiteElo "2510"]
[BlackElo "2520"]

1.d4 Nf6 2.c4 e6 3.Nf3 Bb4+ 4.Bd2 c5 5.Bxb4 cxb4 6.Qb3 Qa5 7.g3 O-O 8.Bg2 d6
9.O-O Bd7 10.Nbd2 Bc6 11.Rfe1 Re8 12.e4 Na6 13.e5 dxe5 14.Nxe5 Bxg2 15.Kxg2 b5
16.c5 Qd8 17.Nc6 Qd7 18.Nxb4 Nxc5 19.dxc5 Qxd2 20.Rad1 Qg5 21.Na6 Nd5 22.Qxb5 Nf4+
23.Kh1 Nh3 24.Qe2 Qf6 25.Kg2  1-0

[Event "Benasque op"]
[Site "Benasque"]
[Date "1993.??.??"]
[Round "3"]
[White "Garcia Trobat, Francisco"]
[Black "Izeta Txabarri, Felix"]
[Result "0-1"]
[WhiteElo "2330"]
[BlackElo "2510"]

1.d4 Nf6 2.c4 e6 3.Nf3 Bb4+ 4.Bd2 c5 5.Bxb4 cxb4 6.g3 b6 7.Bg2 Bb7 8.a3 bxa3
9.Nxa3 O-O 10.O-O Nc6 11.Qd2 Qe7 12.Ne5 Rab8 13.Rfb1 Nb4 14.Nc2 Nxc2 15.Qxc2 Bxg2
16.Kxg2 Rb7 17.Ra3 Rc8 18.Rba1 d6 19.Nf3 d5 20.b3 Rbc7 21.Qd3 Ne4 22.Ra4 h6
23.Ne5 a5 24.R1a2 Qf6 25.Ng4 Qe7 26.Ne3 Qd7 27.Rc2 Nd6 28.Raa2 dxc4 29.bxc4 Nxc4
30.Nxc4 Rxc4 31.Rxc4 Qd5+ 32.e4 Qxc4 33.Qxc4 Rxc4 34.Rb2 Rb4 35.Rd2 a4 36.d5 exd5
37.exd5 Kf8 38.Re2 b5 39.d6 Rd4 40.Re5 Rxd6 41.Rxb5 Ra6  0-1

[Event "Benidorm op"]
[Site "Benidorm"]
[Date "1993.??.??"]
[Round "2"]
[White "Vyzmanavin, Alexey"]
[Black "Garcia Trobat, Francisco"]
[Result "1/2-1/2"]
[WhiteElo "2620"]
[BlackElo "2300"]

1.d4 Nf6 2.c4 e6 3.Nf3 Bb4+ 4.Bd2 Qe7 5.g3 Bxd2+ 6.Qxd2 d5 7.Bg2 O-O 8.O-O Rd8
9.Qc2 Nc6 10.Rd1 Bd7 11.Nbd2 Nb4 12.Qc3 dxc4 13.Qxc4 Bc6 14.a3 Bxf3 15.Nxf3 Nbd5
16.Ne5 c6 17.Nd3 Nb6 18.Qc3 Na4 19.Qc2 Nb6 20.e3 Rac8 21.Rac1 Rc7 22.h3 Nbd7
23.Qa4 a6 24.Qa5 Rdc8 25.Rc2 Nb8 26.Rdc1 Nfd7 27.a4 g6 28.Qc3 Nb6 29.b3 N8d7
30.e4 Nf6 31.a5 Nbd7 32.b4 h5 33.Kh2 Ne8 34.e5 Ng7 35.Be4 Rd8 36.Nf4 Nf8
37.Rd1 Rcd7 38.Rcd2 Ne8 39.Ng2 Nc7 40.Ne3 Nb5 41.Qb2 f5 42.Bg2 f4 43.Nc2 fxg3+
44.fxg3 h4 45.Qb3 Qg5 46.gxh4 Qxh4 47.Qg3 Qxg3+ 48.Kxg3 g5 49.Be4 Kg7 50.Kg4 Ng6
51.Bxg6 Kxg6 52.Rf1 Nxd4 53.Rf6+ Kg7 54.Nxd4 Rxd4+ 55.Rxd4 Rxd4+ 56.Kxg5 Rxb4
57.Rxe6 Kf7 58.Rf6+ Ke7 59.h4 Ra4 60.Rh6 Ra1 61.h5 Rg1+  1/2-1/2

[Event "Benidorm op"]
[Site "Benidorm"]
[Date "1993.??.??"]
[Round "4"]
[White "Voiska, Margarita"]
[Black "Garcia Trobat, Francisco"]
[Result "1/2-1/2"]
[WhiteElo "2305"]
[BlackElo "2300"]

1.d4 Nf6 2.c4 e6 3.Nf3 Bb4+ 4.Bd2 c5 5.g3 Qb6 6.Qb3 Nc6 7.Bxb4 Qxb4+ 8.Qxb4 Nxb4
9.Na3 b6 10.Bg2 Bb7 11.O-O a6 12.dxc5 bxc5 13.Rfd1 Ke7 14.Ne1 Rab8 15.b3 Rhd8
16.Bxb7 Rxb7 17.Nb1 d5 18.cxd5 exd5 19.Rc1 Kd6 20.Nd2 Re8 21.e3 Ne4 22.Nxe4+ Rxe4
23.Rc3 a5 24.Nd3 Re8 25.Nb2 Rc7 26.a3 Na6 27.Rd1 Ke6 28.Rcd3 Rd8 29.Na4 Rb7
30.Kf1 Rb5 31.Ke2 Nc7 32.Kd2 Rdb8 33.Kc2 f6  1/2-1/2

[Event "Benidorm op"]
[Site "Benidorm"]
[Date "1993.??.??"]
[Round "8"]
[White "Lalic, Bogdan"]
[Black "Sanz Alonso, Francisco Javier"]
[Result "1/2-1/2"]
[WhiteElo "2325"]
[BlackElo "2420"]

1.d4 Nf6 2.c4 e6 3.Nf3 Bb4+ 4.Bd2 c5 5.Bxb4 cxb4 6.g3 b6 7.Bg2 Bb7 8.O-O O-O
9.Nbd2 d6 10.Ne1 Bxg2 11.Kxg2 b5 12.Nd3 Qb6 13.c5 dxc5 14.Nxc5 Nc6 15.Nf3 Rfd8  1/2-1/2